00923cam a22002773a 45000010005000000030006000050050017000110080041000280400015000690420007000840500006000911000032000972450145001292600029002745060030003035160020003336530036003536530015003896530054004046530015004586530060004736530021005336530022005548300028005768560041006046721PGUSA20140828083136.0060107s2006||||xxu|||||s|||||000 | eng d aPGUSAbeng adc 4aG1 aTurley, Charles,d1868-194014aThe Voyages of Captain Scott :bRetold from the Voyage of the Discovery and Scott's Last Expeditionh[electronic resource] /cCharles Turley bProject Gutenberg,c2006 aPublic domain in the USA. aElectronic text aScott, Robert Falcon, 1868-1912 aAntarctica aBritish National Antarctic Expedition (1901-1904) aSouth Pole aBritish Antarctic ("Terra Nova") Expedition (1910-1913) aDiscovery (Ship) aTerra Nova (Ship) 0aProject Gutenbergv672140uhttp://www.gutenberg.org/ebooks/6721